• 首页
  • 本馆介绍
  • 公告通知
  • 最新文献
  • 馆藏检索
  • 电子资源
  • 读者导购
  • 参考咨询
  • 我的图书馆
  • 登录
  • 详细信息显示
  • 放入我的书架
  • 预约/预借图书
  • 作者相关作品
  • 分类相关作品
  • 丛书相关作品
  • 出版社相关作品

书目信息

  • 表格格式
  • 工作单格式
  • 卡片格式
题名:
请容许我悲伤
    
 
作者: 苏绚慧 著
分册:  
出版信息: 南京   译林出版社  2016
页数: 173页
开本: 22cm
丛书名:
单 册:
中图分类: B083-49
科图分类:
主题词: 生命哲学--Sheng Ming Zhe Xue--通俗读物
电子资源:
ISBN: 978-7-5447-6302-8
000 00952nam0 22002411 450
001 351208
005 20161011095759.92
010    @a978-7-5447-6302-8@dCNY32.00
100    @a20160617d2016 em y0chiy50 ea
101 0  @achi
102    @aCN@b320000
105    @ay z 000yy
106    @ar
200 1  @a请容许我悲伤@AQing Rong Xu Wo Bei Shang@f苏绚慧著
210    @a南京@c译林出版社@d2016
215    @a173页@d22cm
314    @a苏绚慧,台北教育大学心理与咨询研究所硕士,现为马偕协谈中心心理咨询师。出版《于是,我可以说再见》等。
330    @a本书集结了十余个丧亲的故事,讲述了作者用不同手段,如儿童绘本、玩偶、画图、讲故事等,协助当事人表达哀伤情绪的经验,结合生动的故事展示了音乐、艺术、阅读、写作等方式的疗愈作用,给国内尚不完善的生死教育提供了可贵的经验。
606 0  @a生命哲学@ASheng Ming Zhe Xue@j通俗读物
690    @aB083-49@v5
701  0 @a苏绚慧@ASu Xuan Hui@4著
801  0 @aCN@bTANGWEI@c20160812
905    @b0893661-5@dB083-49@e59@f5
    
    请容许我悲伤/苏绚慧著.-南京:译林出版社,2016
    173页;22cm
    
    
    ISBN 978-7-5447-6302-8:CNY32.00
    本书集结了十余个丧亲的故事,讲述了作者用不同手段,如儿童绘本、玩偶、画图、讲故事等,协助当事人表达哀伤情绪的经验,结合生动的故事展示了音乐、艺术、阅读、写作等方式的疗愈作用,给国内尚不完善的生死教育提供了可贵的经验。
●
相关链接 在E读中查询图书 在五车中查询图书 在当当中查询图书 在豆瓣中查询图书


正题名:请容许我悲伤     索取号:B083-49/59         预约/预借

序号 登录号 条形码 馆藏地/架位号 状态 备注
1 0893661   208936614   第一样本阅览室/ [索取号:B083-49/59] 在馆    
2 0893662   208936623   第一借阅区/ [索取号:B083-49/59] 在馆    
3 0893663   208936632   第一借阅区/ [索取号:B083-49/59] 在馆    
4 0893664   208936641   第一借阅区/ [索取号:B083-49/59] 在馆    
5 0893665   208936650   第一借阅区/ [索取号:B083-49/59] 在馆    
唐山师范学院图书馆 欢迎您!
大连网信软件有限公司© 版权所有